La vida es sueño
Guardat en:
| Autor principal: | |
|---|---|
| Format: | Llibre |
| Idioma: | espanyol |
| Publicat: |
Madrid
Imprenta de los Sucesores de Hernando
1910
|
| Edició: | 1a. ed |
| Col·lecció: | Biblioteca de Autores Españoles, VII
|
| Matèries: | |
| Etiquetes: |
Afegir etiqueta
Sense etiquetes, Sigues el primer a etiquetar aquest registre!
|
MARC
| LEADER | 00000nam a2200000 a 4500 | ||
|---|---|---|---|
| 001 | UCJ7093 | ||
| 003 | CL-VaPUC | ||
| 008 | 070124e19100000SP |||||||||||||||||spa|d | ||
| 082 | 0 | 4 | |a 862 |b CAL |2 21 |
| 100 | 0 | |a Calderón de la Barca, Pedro |e author |9 316207 | |
| 245 | 1 | 3 | |a La vida es sueño |
| 246 | 1 | 0 | |a Casa con dos puertas |
| 246 | 1 | 0 | |a Mala es de guardar |
| 246 | 1 | 3 | |a La dama duende |
| 246 | 1 | 3 | |a El médico de su honra |
| 246 | 1 | 0 | |a A secreto agravio, secreta venganza |
| 250 | |a 1a. ed | ||
| 300 | |a lxxvi, 610 p | ||
| 942 | |c BK | ||
| 945 | |d 20070124 00:00:00 |a rinostro | ||
| 260 | |a Madrid |b Imprenta de los Sucesores de Hernando |c 1910 | ||
| 500 | |a 8§, pasta española | ||
| 650 | 7 | |a BIOGRAFIA |2 CL-VaPUC |9 504622 | |
| 650 | 0 | |a Crítica literaria |9 269189 | |
| 650 | 7 | |a TEATRO CLASICO ESPAÑOL |2 CL-VaPUC |9 514999 | |
| 583 | |a last modification |c 20070124 00:00:00 |k Rodrigo Vera | ||
| 490 | 0 | |a Biblioteca de Autores Españoles, VII | |
| 999 | |c 323193 |d 323191 | ||
| 952 | |0 0 |1 0 |4 0 |6 862_000000000000000_CAL_1910 |7 0 |8 X |9 402592 |a FDOBUD |b FDOBUD |d 2019-11-22 |i 1058436 |o 862 CAL 1910 |p 1058436 |r 2019-11-22 |w 2019-11-22 |y BK_X |k BUD | ||